<?xml version="1.0" encoding="UTF-8"?>
<record
    xmlns:xsi="http://www.w3.org/2001/XMLSchema-instance"
    xsi:schemaLocation="http://www.loc.gov/MARC21/slim http://www.loc.gov/standards/marcxml/schema/MARC21slim.xsd"
    xmlns="http://www.loc.gov/MARC21/slim">

  <leader>00541nam a2200157Ia 4500</leader>
  <controlfield tag="008">190805s9999||||xx |||||||||||||| ||und||</controlfield>
  <datafield tag="020" ind1=" " ind2=" ">
    <subfield code="a">9780953437931</subfield>
    <subfield code="c">&#xA3; 21.00</subfield>
  </datafield>
  <datafield tag="082" ind1="0" ind2="4">
    <subfield code="a">623.8171</subfield>
    <subfield code="b">R3466</subfield>
  </datafield>
  <datafield tag="100" ind1="1" ind2=" ">
    <subfield code="a">Rhodes, Martin A. </subfield>
  </datafield>
  <datafield tag="245" ind1="1" ind2="0">
    <subfield code="a">Ship stability for Mates/ Masters / </subfield>
  </datafield>
  <datafield tag="260" ind1=" " ind2=" ">
    <subfield code="a">Scotland : </subfield>
    <subfield code="b">Witherby Seamanship International Ltd,</subfield>
    <subfield code="c">2012, reprinted 2015</subfield>
  </datafield>
  <datafield tag="300" ind1=" " ind2=" ">
    <subfield code="a">xvi, 557 p.</subfield>
    <subfield code="b"> : col. Ill.</subfield>
    <subfield code="c">; 24 cm.</subfield>
  </datafield>
  <datafield tag="650" ind1=" " ind2="0">
    <subfield code="a">Stability of ships</subfield>
    <subfield code="x">Examinations</subfield>
    <subfield code="v">Study guides.</subfield>
  </datafield>
  <datafield tag="852" ind1=" " ind2=" ">
    <subfield code="a">IMU Kochi Library</subfield>
  </datafield>
  <datafield tag="942" ind1=" " ind2=" ">
    <subfield code="c">BK</subfield>
  </datafield>
  <datafield tag="999" ind1=" " ind2=" ">
    <subfield code="c">108</subfield>
    <subfield code="d">108</subfield>
  </datafield>
  <datafield tag="952" ind1=" " ind2=" ">
    <subfield code="0">0</subfield>
    <subfield code="1">0</subfield>
    <subfield code="2">ddc</subfield>
    <subfield code="4">0</subfield>
    <subfield code="6">623_817100000000000_R3466</subfield>
    <subfield code="7">0</subfield>
    <subfield code="8">ENGS</subfield>
    <subfield code="9">447</subfield>
    <subfield code="a">KO</subfield>
    <subfield code="b">KO</subfield>
    <subfield code="c">GEN</subfield>
    <subfield code="d">2015-04-08</subfield>
    <subfield code="e">M/s Sterling Book House (Inv. No.3036 dt. 2015-03-31)</subfield>
    <subfield code="g">2112.60</subfield>
    <subfield code="l">4</subfield>
    <subfield code="m">2</subfield>
    <subfield code="o">623.8171 R3466</subfield>
    <subfield code="p">BK001241</subfield>
    <subfield code="r">2023-05-15</subfield>
    <subfield code="s">2023-04-06</subfield>
    <subfield code="y">BK</subfield>
    <subfield code="z">Shelf-10, Row-5</subfield>
  </datafield>
  <datafield tag="952" ind1=" " ind2=" ">
    <subfield code="0">0</subfield>
    <subfield code="1">0</subfield>
    <subfield code="4">0</subfield>
    <subfield code="6">623_817100000000000_R3466</subfield>
    <subfield code="7">0</subfield>
    <subfield code="8">ENGS</subfield>
    <subfield code="9">448</subfield>
    <subfield code="a">KO</subfield>
    <subfield code="b">KO</subfield>
    <subfield code="c">GEN</subfield>
    <subfield code="d">2017-05-18</subfield>
    <subfield code="e">Sterling Book House</subfield>
    <subfield code="g">1772.40</subfield>
    <subfield code="l">6</subfield>
    <subfield code="m">3</subfield>
    <subfield code="o">623.8171 R3466</subfield>
    <subfield code="p">BK003024</subfield>
    <subfield code="r">2023-12-01</subfield>
    <subfield code="s">2023-12-01</subfield>
    <subfield code="y">BK</subfield>
    <subfield code="z">Shelf-10, Row-5</subfield>
  </datafield>
  <datafield tag="952" ind1=" " ind2=" ">
    <subfield code="0">0</subfield>
    <subfield code="1">0</subfield>
    <subfield code="4">0</subfield>
    <subfield code="6">623_817100000000000_R3466</subfield>
    <subfield code="7">0</subfield>
    <subfield code="8">ENGS</subfield>
    <subfield code="9">449</subfield>
    <subfield code="a">KO</subfield>
    <subfield code="b">KO</subfield>
    <subfield code="c">GEN</subfield>
    <subfield code="d">2017-05-18</subfield>
    <subfield code="e">Sterling Book House</subfield>
    <subfield code="g">1772.40</subfield>
    <subfield code="l">3</subfield>
    <subfield code="m">4</subfield>
    <subfield code="o">623.8171 R3466</subfield>
    <subfield code="p">BK003025</subfield>
    <subfield code="r">2023-05-18</subfield>
    <subfield code="s">2023-04-18</subfield>
    <subfield code="y">BK</subfield>
    <subfield code="z">Shelf-10, Row-5</subfield>
  </datafield>
  <datafield tag="952" ind1=" " ind2=" ">
    <subfield code="0">0</subfield>
    <subfield code="1">0</subfield>
    <subfield code="4">0</subfield>
    <subfield code="6">623_817100000000000_R3466</subfield>
    <subfield code="7">0</subfield>
    <subfield code="8">ENGS</subfield>
    <subfield code="9">450</subfield>
    <subfield code="a">KO</subfield>
    <subfield code="b">KO</subfield>
    <subfield code="c">GEN</subfield>
    <subfield code="d">2017-08-07</subfield>
    <subfield code="e">Sterling Book House</subfield>
    <subfield code="g">1814.40</subfield>
    <subfield code="l">3</subfield>
    <subfield code="m">3</subfield>
    <subfield code="o">623.8171 R3466</subfield>
    <subfield code="p">BK004665</subfield>
    <subfield code="r">2023-05-29</subfield>
    <subfield code="s">2023-04-26</subfield>
    <subfield code="y">BK</subfield>
    <subfield code="z">Shelf-10, Row-5</subfield>
  </datafield>
  <datafield tag="952" ind1=" " ind2=" ">
    <subfield code="0">0</subfield>
    <subfield code="1">0</subfield>
    <subfield code="4">0</subfield>
    <subfield code="6">623_817100000000000_R3466</subfield>
    <subfield code="7">0</subfield>
    <subfield code="8">ENGS</subfield>
    <subfield code="9">451</subfield>
    <subfield code="a">KO</subfield>
    <subfield code="b">KO</subfield>
    <subfield code="c">GEN</subfield>
    <subfield code="d">2017-05-18</subfield>
    <subfield code="e">Sterling Book House</subfield>
    <subfield code="g">1772.40</subfield>
    <subfield code="l">6</subfield>
    <subfield code="m">2</subfield>
    <subfield code="o">623.8171 R3466</subfield>
    <subfield code="p">BK003023</subfield>
    <subfield code="r">2023-12-15</subfield>
    <subfield code="s">2023-11-24</subfield>
    <subfield code="y">BK</subfield>
    <subfield code="z">Shelf-10, Row-5</subfield>
  </datafield>
</record>
